000 00695nam a2200229Ia 4500
003 OSt
005 20221007081931.0
006 a|||||r|||| 00| 0
007 ta
008 221006b |||||||| |||| 00| 0 eng d
024 _a26,977
037 _cReports / Technical Reports
040 _aFLL
_cFLL
_beng
041 _2eng
_aeng
082 _aV73:2:9Zy7, H8;1
100 _aRottschaefer Henry
_9118594
245 0 _aCases and materials on constitutonal law
260 _aSt. Paul ,
_bMinn. West Publishing Co. St. Minn.
_c1948
300 _axxvii,1-975p
_ccm.
942 _hV73:2:9Zy7, H8;1
_cREP
_2CC
999 _c1164759
_d1164759